000 00649nam a2200241Ia 4500
003 OSt
005 20220912151502.0
006 a|||||r|||| 00| 0
007 ta
008 220909b |||||||| |||| 00| 0 eng d
024 _a36248
037 _cTextual
040 _aCSL
_beng
_cCSL
041 _aeng
082 _aD65,8(B):(S:72), M7
100 _aCercone Nick
245 0 _aKnowledge frontier
260 _aNew York
_b Springer-Verlag
_c1987
300 _a512p.
_ccm.
700 _a Mc Calla Gordon Ed.
942 _hD65,8(B):(S:72), M7
_cTEXL
_2CC
999 _c69674
_d69674